Normal view
MARC view
- ANATOMY AND PHYSIOLOGY
Entry Topical Term
001 - CONTROL NUMBER
- control field: 181694
003 - CONTROL NUMBER IDENTIFIER
- control field: OSt
005 - DATE AND TIME OF LATEST TRANSACTION
- control field: 20230603115023.0
008 - FIXED-LENGTH DATA ELEMENTS
- fixed length control field: 230603|| aca||aabn | a|a d
040 ## - CATALOGING SOURCE
- Original cataloging agency: OSt
- Transcribing agency: OSt
150 ## - HEADING--TOPICAL TERM
- Topical term or geographic name entry element: ANATOMY AND PHYSIOLOGY
670 ## - SOURCE DATA FOUND
- Source citation: Work cat.: (OSt)159686: Soni, Pankaj 181600, Textbook of Applied Anatomy & Physiology (for B.Sc. Nursing Students), 2022